00618cam a22002291 4500001001300000003000400013005001700017008004100034010001700075035002000092040001800112042001200130050002100142100002600163245001800189260001100207300001900218500001400237500004400251600007600295999001700371sa 67002924 DLC20260227112334.0890914r1965uuuuii 000 1 tamo  asa 67002924  a(OCoLC)20341208 aDLCcWaUdDLC apremarc00aPL4758.9.A33bK30 aAkilan˞,d1922-1988.10aKayal vil˞i. c[1965] a574 p.c18 cm. aIn Tamil. aPreviously published serially in Kalki.00aMaravarman Sundara PandyabI,cPandya King,dactive 1216-1238vFiction. c73529d73529